غالب کی فارسی شاعری : (Record no. 109136)
[ view plain ]
| 000 -LEADER | |
|---|---|
| fixed length control field | 00913nam a22002537a 4500 |
| 005 - DATE AND TIME OF LATEST TRANSACTION | |
| control field | 20170123162349.0 |
| 010 ## - LIBRARY OF CONGRESS CONTROL NUMBER | |
| LC control number | B-307153 |
| 020 ## - INTERNATIONAL STANDARD BOOK NUMBER | |
| Terms of availability | 250.00 |
| International Standard Book Number | 8190400118 |
| 035 ## - SYSTEM CONTROL NUMBER | |
| System control number | B-307153 |
| 037 ## - SOURCE OF ACQUISITION | |
| Source of stock number/acquisition | Cen Lib/Ret |
| 040 ## - CATALOGING SOURCE | |
| Original cataloging agency | DPL |
| Language of cataloging | UR |
| 082 ## - DEWEY DECIMAL CLASSIFICATION NUMBER | |
| Classification number | 899.155108 |
| Item number | غ ا ل |
| 100 ## - MAIN ENTRY--PERSONAL NAME | |
| Personal name | تنویر احمد |
| 9 (RLIN) | 141803 |
| 245 ## - TITLE STATEMENT | |
| Title | غالب کی فارسی شاعری : |
| Statement of responsibility, etc | تنویر احمد علوی |
| Remainder of title | تعارف و تنقید / |
| 246 ## - VARYING FORM OF TITLE | |
| Title proper/short title | Ghalib ki farsi shairi : taruf-o-tanqeed / |
| Remainder of title | by Tanveer Ahmad Alvi |
| 260 ## - PUBLICATION, DISTRIBUTION, ETC. (IMPRINT) | |
| Place of publication, distribution, etc | نیی دہلی |
| Name of publisher, distributor, etc | غالب اکادمی |
| Date of publication, distribution, etc | 2007 |
| 270 ## - ADDRESS | |
| City | نیی دہلی |
| Postal code | 110026 |
| Address | بستی حضرت نظامددیں |
| 300 ## - PHYSICAL DESCRIPTION | |
| Extent | 288p. |
| Dimensions | 21cm(Hb) |
| 650 ## - SUBJECT ADDED ENTRY--TOPICAL TERM | |
| Topical term or geographic name as entry element | ادب -- فارسی |
| 9 (RLIN) | 141804 |
| 650 ## - SUBJECT ADDED ENTRY--TOPICAL TERM | |
| Topical term or geographic name as entry element | فارسی شاعری |
| 9 (RLIN) | 400 |
| 650 ## - SUBJECT ADDED ENTRY--TOPICAL TERM | |
| Topical term or geographic name as entry element | Literature -- Farsi |
| 9 (RLIN) | 122511 |
| 650 ## - SUBJECT ADDED ENTRY--TOPICAL TERM | |
| Topical term or geographic name as entry element | Urdu Poetry |
| 9 (RLIN) | 141805 |
| 942 ## - ADDED ENTRY ELEMENTS (KOHA) | |
| Source of classification or shelving scheme | Dewey Decimal Classification |
| Koha item type | Urdu Bks |
| Classification part | 899.155108 |
| Call number suffix | غ ا ل |
| Withdrawn status | Lost status | Damaged status | Not for loan | Home library | Current library | Date acquired | Source of acquisition | Cost, normal purchase price | Total Checkouts | Full call number | Barcode | Date last seen | Date checked out | Copy number | Cost, replacement price | Price effective from | Koha item type |
|---|---|---|---|---|---|---|---|---|---|---|---|---|---|---|---|---|---|
| Central Library | Central Library | 20/02/2016 | Cen Lib/Ret | 250.00 | 1 | 899.155108 غ ا ل | B-307153 | 20/01/2025 | 11/01/2025 | 1 | 250.00 | 15/09/2016 | Urdu Bks |
